[Event "Muensterland Verbandsliga 1617"]
[Site "Germany"]
[Date "2017.05.06"]
[Round "9.6"]
[White "Schlattmann, Martin"]
[Black "Fayazi, Shahriar"]
[Result "1/2-1/2"]
[WhiteElo "1746"]
[BlackElo "1894"]
[PlyCount "119"]
[EventDate "2016.09.10"]
[EventType "team"]
[EventRounds "9"]
[EventCountry "GER"]
[SourceTitle "EXT 2018"]
[Source "ChessBase"]
[SourceDate "2017.10.13"]
[SourceVersion "1"]
[SourceVersionDate "2017.10.13"]
[SourceQuality "1"]
[WhiteTeam "Stadtlohn"]
[BlackTeam "Saerbeck"]
[WhiteTeamCountry "GER"]
[BlackTeamCountry "GER"]

1. d4 d6 2. c4 e5 3. dxe5 dxe5 4. Qa4+ Bd7 5. Qc2 Nc6 6. Nf3 Nf6 7. Bg5 Bb4+ 8. Nbd2 h6 9. Bxf6 Qxf6 10. a3 Bxd2+ 11. Nxd2 0-0 12. Qc3 Rad8 13. e3 Bf5 14. Be2 Rd7 15. 0-0 Rfd8 16. Rfd1 Qe7 17. Nf1 e4 18. Rxd7 Rxd7 19. Rd1 Rxd1 20. Bxd1 Ne5 21. b4 Bg6 22. Qd4 b6 23. Nd2 f5 24. Nb3 Bf7 25. c5 Kh7 26. cxb6 cxb6 27. Nd2 Qc7 28. Qa1 Qd6 29. Qc1 Qd3 30. Bc2 Qc3 31. Nxe4 Qc6 32. Ng3 g6 33. Qb2 Nc4 34. Qc3 Bd5 35. Bd3 b5 36. Bxc4 bxc4 37. f3 Qa4 38. Kf2 Qb3 39. Ne2 Bf7 40. Ke1 Qb1+ 41. Kd2 Qf1 42. Qf6 Kg8 43. Qd8+ Kg7 44. Qd4+ Kg8 45. Qxa7 Qxg2 46. Qb8+ Kg7 47. Qe5+ Kg8 48. Qb8+ Kg7 49. Qc7 Qxf3 50. b5 Qd5+ 51. Nd4 Qe4 52. Ne6+ Qxe6 53. b6 Qd5+ 54. Ke1 Qh1+ 55. Kd2 Qg2+ 56. Kc3 Qe4 57. b7 Qxe3+ 58. Kb4 Qb3+ 59. Kc5 Qxa3+ 60. Kc6 1/2-1/2

[Event "Steinfurt Bezirksklasse 1516"]
[Site "Germany"]
[Date "2016.04.09"]
[Round "8.6"]
[White "Nattkaemper, Johann"]
[Black "Fayazi, Shahriar"]
[Result "0-1"]
[WhiteElo "1188"]
[BlackElo "1894"]
[PlyCount "56"]
[EventDate "2015.09.05"]
[EventType "team-tourn"]
[EventRounds "9"]
[EventCountry "GER"]
[SourceTitle "EXT 2017"]
[Source "ChessBase"]
[SourceDate "2016.10.25"]
[SourceVersion "1"]
[SourceVersionDate "2016.10.25"]
[SourceQuality "1"]
[WhiteTeam "Ibbenbueren III"]
[BlackTeam "Saerbeck II"]
[WhiteTeamCountry "GER"]
[BlackTeamCountry "GER"]

1. d4 d6 2. c4 e5 3. d5 f5 4. Nc3 Nf6 5. Bg5 Be7 6. Bxf6 Bxf6 7. e4 0-0 8. g3 Na6 9. Qc2 Bg5 10. Bd3 Nb4 11. Qe2 Qf6 12. a3 Nxd3+ 13. Qxd3 Bd7 14. h4 Bh6 15. Rh2 f4 16. Nb5 Rfc8 17. b4 a5 18. Rb1 axb4 19. Rxb4 Ra5 20. a4 Rca8 21. Nxc7 Rxa4 22. Rxb7 Ra1+ 23. Rb1 R8a3 24. Qd1 Rxb1 25. Qxb1 Qd8 26. Nb5 Qa5+ 27. Ke2 Ra2+ 28. Kd3 Qd2# 0-1